JANES WEAPON SYSTEM 1986-87, 1981-82, 1985-86, 1974-75, 1973-74, 1988-89 (Record no. 570954)
[ view plain ]
| 000 -LEADER | |
|---|---|
| fixed length control field | 00484nam a22001457a 4500 |
| 020 ## - INTERNATIONAL STANDARD BOOK NUMBER | |
| International Standard Book Number | 0-7106-0855-1 |
| 082 ## - DEWEY DECIMAL CLASSIFICATION NUMBER | |
| Classification number | 355-WS JAN'S |
| 100 ## - MAIN ENTRY--PERSONAL NAME | |
| Personal name | BLAKE, BERNARD |
| 9 (RLIN) | 61526 |
| 245 ## - TITLE STATEMENT | |
| Title | JANES WEAPON SYSTEM 1986-87, 1981-82, 1985-86, 1974-75, 1973-74, 1988-89 |
| 250 ## - EDITION STATEMENT | |
| Edition statement | 19TH |
| 260 ## - PUBLICATION, DISTRIBUTION, ETC. | |
| Place of publication, distribution, etc. | UK |
| Name of publisher, distributor, etc. | JANE'S INFORMATION GROUP |
| Date of publication, distribution, etc. | 1988 |
| 300 ## - PHYSICAL DESCRIPTION | |
| Extent | 1008P |
| 650 ## - SUBJECT ADDED ENTRY--TOPICAL TERM | |
| Topical term or geographic name entry element | STRATEGIC WEAPONS LAND-BASED WEAPON AND SYSTEM SHIP BORNE WEAPONS AND SYSTEM AIRBORNE WEAPONS AND SYSTEM |
| 9 (RLIN) | 61527 |
| 942 ## - ADDED ENTRY ELEMENTS (KOHA) | |
| Koha item type | Book |
| Withdrawn status | Lost status | Damaged status | Not for loan | Permanent Location | Current Location | Shelving location | Date acquired | Total Checkouts | Full call number | Barcode | Date last seen | Price effective from | Koha item type |
|---|---|---|---|---|---|---|---|---|---|---|---|---|---|
| College of Electrical & Mechanical Engineering (CEME) | College of Electrical & Mechanical Engineering (CEME) | Reference | 02/16/2017 | 355-WS JAN'S | CEME-19629 | 06/28/2021 | 06/28/2021 | Book | |||||
| College of Electrical & Mechanical Engineering (CEME) | College of Electrical & Mechanical Engineering (CEME) | General Stacks | 04/20/2017 | 355-WS JAN'S | CEME-16494 | 06/28/2021 | 06/28/2021 | Book | |||||
| College of Electrical & Mechanical Engineering (CEME) | College of Electrical & Mechanical Engineering (CEME) | General Stacks | 05/18/2017 | 355-WS JAN'S | CEME-14189 | 06/28/2021 | 06/28/2021 | Book | |||||
| College of Electrical & Mechanical Engineering (CEME) | College of Electrical & Mechanical Engineering (CEME) | General Stacks | 05/18/2017 | 355-WS JAN'S | CEME-22691 | 06/28/2021 | 06/28/2021 | Book |
